[Event "II Open Amatori"]
[Site "Arvier ITA"]
[Date "2012.01.06"]
[Round "5"]
[White "Pierantoni, Mauro"]
[Black "Bruno, Elio"]
[Result "1-0"]
[WhiteElo "1814"]
[BlackElo "1627"]
[PlyCount "87"]
[EventDate "2012.01.02"]

1. b4 e5 2. Bb2 d6 3. e3 Nf6 4. d4 exd4 5. Bxd4 Be7 6. a3 O-O 7. Bb2 Bf5 8. Nf3
Re8 9. c4 Bf8 10. Nc3 Nbd7 11. Nd4 Bg6 12. Be2 a5 13. O-O Ne4 14. Nd5 h6 15. f3
Nef6 16. e4 c6 17. Nxf6+ Nxf6 18. Kh1 Nd7 19. b5 c5 20. Nc2 Nb6 21. Ne3 Qe7 22.
a4 Rad8 23. Qd2 Ra8 24. Nd5 Nxd5 25. Qxd5 b6 26. Bd3 Qe6 27. Qxe6 Rxe6 28. f4
Bxe4 29. f5 Bxd3 30. fxe6 Bxf1 31. exf7+ Kxf7 32. Rxf1+ Kg8 33. Re1 Rd8 34. g3
Rd7 35. Kg2 Re7 36. Rxe7 Bxe7 37. Kf3 Kf7 38. Ke4 g5 39. Kd5 h5 40. Kc6 Ke6 41.
Kxb6 Bd8+ 42. Kc6 h4 43. g4 h3 44. b6 1-0

[Event "II Open Amatori"]
[Site "Arvier ITA"]
[Date "2012.01.06"]
[Round "5"]
[White "Seletsky, Grigory"]
[Black "Gromovs, Sergejs"]
[Result "1/2-1/2"]
[WhiteElo "2277"]
[BlackElo "2297"]
[PlyCount "24"]
[EventDate "2012.01.02"]

1. f4 c5 2. Nf3 Nc6 3. g3 g6 4. Bg2 Bg7 5. O-O d6 6. d3 Nf6 7. e4 O-O 8. Nc3
Nd4 9. h3 Rb8 10. g4 b5 11. f5 b4 12. Ne2 Nxf3+ 1/2-1/2

[Event "II Open Amatori"]
[Site "Arvier ITA"]
[Date "2012.01.06"]
[Round "5"]
[White "Serrajotto, Marino"]
[Black "Scalfi, Agostino"]
[Result "0-1"]
[WhiteElo "1854"]
[BlackElo "1628"]
[PlyCount "46"]
[EventDate "2012.01.02"]

1. f4 d5 2. Nf3 Nc6 3. e3 Bf5 4. Bb5 a6 5. Bxc6+ bxc6 6. b3 Nf6 7. Bb2 e6 8. h3
Bd6 9. Nd4 Ne4 10. Nxf5 exf5 11. h4 Be7 12. d3 Bxh4+ 13. Ke2 Ng3+ 14. Kd2 Nxh1
15. Qxh1 Bf6 16. Nc3 d4 17. exd4 Qxd4 18. Re1+ Kd7 19. g3 Qf2+ 20. Re2 Qxg3 21.
Qf1 Rae8 22. Rxe8 Rxe8 23. Ne2 Qe3+ 0-1

[Event "II Open Amatori"]
[Site "Arvier ITA"]
[Date "2012.01.06"]
[Round "5"]
[White "Yeuillaz, Corrado"]
[Black "Ranieri, Fabrizio"]
[Result "1/2-1/2"]
[WhiteElo "2221"]
[BlackElo "2276"]
[PlyCount "45"]
[EventDate "2012.01.02"]

1. d4 e6 2. Nf3 d5 3. c4 c6 4. Nc3 Nf6 5. Bg5 Nbd7 6. e3 Be7 7. cxd5 exd5 8.
Bd3 O-O 9. Qc2 Re8 10. O-O Nf8 11. h3 Ng6 12. Rac1 Bd6 13. e4 dxe4 14. Nxe4 Be7
15. Rfe1 Nxe4 16. Bxe7 Rxe7 17. Bxe4 Be6 18. a3 Bd5 19. Bxd5 Rxe1+ 20. Rxe1
Qxd5 21. Qa4 h6 22. Qb4 b6 23. Qd2 1/2-1/2

[Event "II Open Amatori"]
[Site "Arvier ITA"]
[Date "2012.01.07"]
[Round "6"]
[White "Baloire, Endy"]
[Black "Barletta, Mauro"]
[Result "1/2-1/2"]
[WhiteElo "1990"]
[BlackElo "2237"]
[PlyCount "155"]
[EventDate "2012.01.02"]

1. d4 d5 2. Bf4 Nc6 3. Nf3 Bg4 4. Nbd2 e6 5. e3 Bd6 6. Bxd6 cxd6 7. c4 dxc4 8.
Bxc4 Nf6 9. Bb5 O-O 10. O-O Rc8 11. Qa4 a6 12. Bxc6 Rxc6 13. Rac1 b5 14. Qb4
Qc7 15. Nb3 Bxf3 16. gxf3 Rc4 17. Rxc4 bxc4 18. Nd2 d5 19. Rc1 e5 20. dxe5 Qxe5
21. Qc3 Qg5+ 22. Kh1 Qh4 23. Kg1 Re8 24. b3 cxb3 25. axb3 h6 26. Ra1 Nh7 27.
Ra4 Qh3 28. Rxa6 Ng5 29. Qc6 Nxf3+ 30. Nxf3 Re4 31. Ne5 Rxe5 32. Ra8+ Kh7 33.
Qc2+ g6 34. f4 Qxe3+ 35. Qf2 Qc1+ 36. Kg2 Re4 37. Ra4 Qb1 38. Rxe4 Qxe4+ 39.
Kg3 Kg7 40. Qd2 Kf6 41. b4 Qc4 42. Qe3 Qe4 43. Qd2 d4 44. b5 Kf5 45. b6 Qd5 46.
Qd3+ Ke6 47. b7 Qxb7 48. Qxd4 Qd5 49. Qc3 Kf5 50. Qc2+ Ke6 51. Qc8+ Ke7 52.
Qc7+ Kf8 53. Qc8+ Kg7 54. Qc3+ Kh7 55. Qc2 Qd4 56. Qb3 Kg7 57. Qa3 h5 58. Qf3
Qg1+ 59. Kh3 Kh6 60. Qe2 f5 61. Qf3 Qg4+ 62. Qxg4 hxg4+ 63. Kg3 Kg7 64. h3 gxh3
65. Kxh3 Kg8 66. Kg2 Kf8 67. Kf2 Kf7 68. Kf3 Ke7 69. Ke3 Ke6 70. Ke2 Kd6 71.
Kd2 Kd5 72. Kd3 Kd6 73. Kd2 Ke6 74. Ke2 Kd7 75. Kd3 Ke7 76. Ke3 Ke6 77. Ke2 Kd6
78. Kd2 1/2-1/2

[Event "II Open Amatori"]
[Site "Arvier ITA"]
[Date "2012.01.07"]
[Round "6"]
[White "Bosticardo, Tommaso"]
[Black "Bossi, Alessandro"]
[Result "0-1"]
[WhiteElo "1774"]
[BlackElo "2004"]
[PlyCount "94"]
[EventDate "2012.01.02"]

1. d4 e6 2. c4 Bb4+ 3. Nc3 f5 4. Nf3 Nf6 5. e3 b6 6. Bd3 Bb7 7. O-O Bxc3 8.
bxc3 O-O 9. Qe2 d6 10. Bb2 Qe8 11. Nd2 Qg6 12. f3 Qh5 13. Rae1 e5 14. e4 f4 15.
g4 Qe8 16. Kh1 Qa4 17. a3 Ba6 18. Rg1 g6 19. Qf1 Qd7 20. h4 Nc6 21. Re2 Na5 22.
Rh2 c5 23. h5 g5 24. Qd1 Rab8 25. a4 cxd4 26. cxd4 Nc6 27. Qb3 exd4 28. c5+ d5
29. Bxa6 bxc5 30. Bb5 a6 31. exd5 Nxd5 32. Bxc6 Qxc6 33. Qa2 Rb4 34. Rc1 Rfb8
35. Ba3 Rxa4 36. Ne4 c4 37. Nc5 Nc3 38. Rxc3 dxc3 39. Nxa4 Qxa4 40. Bc5 Qd1+
41. Bg1 Qxf3+ 42. Rg2 Qe4 43. Qa5 h6 44. Qxc3 Rb3 45. Qd4 Rd3 46. Qb6 f3 47.
Rf2 c3 0-1

[Event "II Open Amatori"]
[Site "Arvier ITA"]
[Date "2012.01.07"]
[Round "6"]
[White "Bruno, Elio"]
[Black "Ricci, Piero"]
[Result "0-1"]
[WhiteElo "1627"]
[BlackElo "1440"]
[PlyCount "114"]
[EventDate "2012.01.02"]

1. d4 Nf6 2. c4 e6 3. Nc3 Bb4 4. Qc2 d5 5. a3 Bxc3+ 6. Qxc3 Nc6 7. Bg5 dxc4 8.
Qxc4 Qxd4 9. Qc2 Ng4 10. e3 Qb6 11. Nf3 f6 12. Bh4 Qa5+ 13. b4 Nxb4 14. axb4
Qxa1+ 15. Kd2 Bd7 16. Nd4 O-O-O 17. Ke2 e5 18. Nb3 Qa6+ 19. Kf3 Qc6+ 20. Qxc6
bxc6 21. Ba6+ Kb8 22. Nc5 h5 23. Nb7 Rde8 24. h3 e4+ 25. Ke2 g5 26. Bg3 h4 27.
Bxc7+ Kxc7 28. hxg4 Bxg4+ 29. f3 exf3+ 30. gxf3 Bc8 31. Nc5 Bxa6+ 32. Nxa6+ Kb6
33. Nc5 Rh7 34. Ne4 Rxe4 35. fxe4 Kb5 36. Kf3 Kxb4 37. Kg4 Kc5 38. Kf5 Re7 39.
Rc1+ Kd6 40. Rc4 c5 41. Kxf6 h3 42. Kxg5 h2 43. Rc1 Rxe4 44. Rh1 Rxe3 45. Rxh2
Kc6 46. Kf4 Re1 47. Kf3 a5 48. Ra2 Kb6 49. Kf2 Re4 50. Kf3 Rb4 51. Ke3 Kb5 52.
Kd3 c4+ 53. Kd4 a4 54. Re2 a3 55. Re5+ Ka4 56. Kc3 a2 57. Re1 Rb1 0-1

[Event "II Open Amatori"]
[Site "Arvier ITA"]
[Date "2012.01.07"]
[Round "6"]
[White "Cattaneo, Roger"]
[Black "Belabbas, Abdellah"]
[Result "1-0"]
[WhiteElo "1811"]
[BlackElo "1881"]
[PlyCount "103"]
[EventDate "2012.01.02"]

1. e4 c5 2. Nf3 Nc6 3. Nc3 g6 4. Bc4 a6 5. a4 Bg7 6. O-O d6 7. Re1 e6 8. d3
Nge7 9. Be3 O-O 10. d4 d5 11. exd5 exd5 12. Be2 c4 13. Qd2 Re8 14. Nd1 Nf5 15.
c3 Nxe3 16. Nxe3 Qd6 17. Qc2 Na5 18. Nd2 Bd7 19. b3 b5 20. Bf3 Bc6 21. axb5
axb5 22. b4 Nb7 23. Ra2 Qd7 24. Rea1 Rxa2 25. Rxa2 Nd8 26. Ra6 Bb7 27. Ra5 Bh6
28. Ndf1 Bf4 29. Qa2 Bc7 30. Ra7 Bb6 31. Ra3 f5 32. g3 Ne6 33. Bg2 f4 34. Ng4
Qg7 35. Ne5 g5 36. Bh3 h5 37. Bf5 g4 38. Bxe6+ Rxe6 39. gxf4 h4 40. Ra8+ Bxa8
41. Qxa8+ Kh7 42. Qxd5 Rh6 43. Qxb5 Rf6 44. Qd7 Rxf4 45. Qxg7+ Kxg7 46. Ne3 h3
47. N3xg4 Bxd4 48. cxd4 Rxd4 49. Ne3 c3 50. Nf5+ Kf6 51. Nxd4 Kxe5 52. Nc2 1-0

[Event "II Open Amatori"]
[Site "Arvier ITA"]
[Date "2012.01.07"]
[Round "6"]
[White "Doromeychuk, Anton"]
[Black "Serrajotto, Marino"]
[Result "0-1"]
[WhiteElo "1708"]
[BlackElo "1854"]
[PlyCount "70"]
[EventDate "2012.01.02"]

1. c4 e5 2. g3 Nc6 3. Bg2 Nf6 4. e3 d6 5. Ne2 Bf5 6. Nbc3 Qd7 7. Qb3 Rb8 8. h3
Be7 9. g4 Bd3 10. Nd5 Bxe2 11. Kxe2 O-O 12. d3 Rfe8 13. Bd2 Bd8 14. Bf3 Kh8 15.
Nxf6 Bxf6 16. Rhg1 Bh4 17. Qc2 h6 18. b4 a6 19. a4 Rf8 20. b5 axb5 21. axb5 Nd8
22. Be4 Qe7 23. f4 exf4 24. exf4 Ne6 25. Be3 c6 26. bxc6 bxc6 27. Kd2 Qf6 28.
Rgf1 Rb2 29. g5 Rxc2+ 30. Kxc2 hxg5 31. fxg5 Qe7 32. g6 fxg6 33. Bxg6 c5 34.
Bd2 Nd4+ 35. Kd1 Qe2+ 0-1

[Event "II Open Amatori"]
[Site "Arvier ITA"]
[Date "2012.01.07"]
[Round "6"]
[White "Gromovs, Sergejs"]
[Black "Marguerettaz, Davy"]
[Result "1/2-1/2"]
[WhiteElo "2297"]
[BlackElo "2201"]
[PlyCount "74"]
[EventDate "2012.01.02"]

1. d4 d5 2. c4 c6 3. Nf3 Nf6 4. Nc3 e6 5. Bg5 dxc4 6. e4 b5 7. e5 h6 8. Bh4 g5
9. Nxg5 hxg5 10. Bxg5 Nbd7 11. g3 Bb7 12. Bg2 Qb6 13. exf6 O-O-O 14. O-O c5 15.
d5 b4 16. Rb1 Qa6 17. dxe6 Bxg2 18. e7 Bxf1 19. Qd5 Bxe7 20. fxe7 Bd3 21. Ne4
Bxb1 22. Nd6+ Kc7 23. Bf4 Kb6 24. Nxc4+ Kb5 25. Nd6+ Kb6 26. a4 bxa3 27. Nc4+
Qxc4 28. exd8=Q+ Rxd8 29. Qxc4 a2 30. Qb3+ Kc6 31. Qf3+ Kb6 32. Qa3 Nf6 33.
Qb3+ Kc6 34. Qa4+ Kb6 35. Qb3+ Kc6 36. Qa4+ Kb6 37. Qb3+ Kc6 1/2-1/2

[Event "II Open Amatori"]
[Site "Arvier ITA"]
[Date "2012.01.07"]
[Round "6"]
[White "Lyabel, Giacomo"]
[Black "Bonino, Silvano"]
[Result "0-1"]
[WhiteElo "1440"]
[BlackElo "1492"]
[PlyCount "76"]
[EventDate "2012.01.02"]

1. e4 e6 2. d4 d5 3. e5 c5 4. c3 Nc6 5. Bb5 Bd7 6. Nf3 a6 7. Bxc6 Bxc6 8. O-O
Be7 9. Bf4 h6 10. Nbd2 Qb6 11. Qb3 Qxb3 12. Nxb3 c4 13. Nc5 b6 14. Nb3 cxb3 15.
axb3 b5 16. Rfc1 g5 17. Be3 g4 18. Nd2 h5 19. g3 h4 20. c4 b4 21. cxd5 Bxd5 22.
Rc2 hxg3 23. fxg3 Nh6 24. Nc4 Nf5 25. Bf2 Bd8 26. Rac1 Kd7 27. Be1 Nxd4 28. Rd1
Nxc2 29. Rc1 Nxe1 30. Rxe1 Rc8 31. Rd1 Ke7 32. Rc1 Bb6+ 33. Kf1 Be3 34. Rc2
Bxc4+ 35. bxc4 Bc5 36. b3 Rhd8 37. Ra2 Rd1+ 38. Kg2 Rg1# 0-1

[Event "II Open Amatori"]
[Site "Arvier ITA"]
[Date "2012.01.07"]
[Round "6"]
[White "Neubauer, Kai"]
[Black "Seletsky, Grigory"]
[Result "0-1"]
[WhiteElo "2039"]
[BlackElo "2277"]
[PlyCount "30"]
[EventDate "2012.01.02"]

1. d4 c5 2. d5 e5 3. e4 d6 4. Bb5+ Nd7 5. a4 Ngf6 6. Nc3 Be7 7. Nf3 O-O 8. O-O
Ne8 9. Bd3 g6 10. Nd2 Bg5 11. g3 f5 12. exf5 gxf5 13. f4 Be7 14. Bxf5 Rxf5 15.
Qg4+ Ng7 0-1

[Event "II Open Amatori"]
[Site "Arvier ITA"]
[Date "2012.01.07"]
[Round "6"]
[White "Piazza, Giacomo"]
[Black "Paonessa, Denis"]
[Result "0-1"]
[WhiteElo "1638"]
[BlackElo "1844"]
[PlyCount "102"]
[EventDate "2012.01.02"]

1. Nf3 f5 2. e3 Nf6 3. b3 e6 4. Be2 Be7 5. Bb2 O-O 6. c4 d6 7. d3 Qe8 8. Qc2 e5
9. Nbd2 a5 10. a3 Na6 11. Bc3 Nc5 12. d4 exd4 13. Nxd4 Nfe4 14. Bb2 Nxd2 15.
Qxd2 Ne4 16. Qc2 Bh4 17. g3 Bg5 18. f4 Bf6 19. Rd1 Bd7 20. a4 Rd8 21. Ba3 Bc8
22. Bc1 b6 23. Bf3 Bb7 24. O-O Bxd4 25. exd4 d5 26. Rfe1 c6 27. cxd5 cxd5 28.
Qc7 Qc6 29. Qxc6 Bxc6 30. Ba3 Rf7 31. Bh5 Rc7 32. Be2 Rdc8 33. Ba6 Bb7 34. Bb5
Rc3 35. Bd7 R8c7 36. Be6+ Kh8 37. Bxf5 Rxb3 38. Bd6 Nxd6 39. Re6 Rc6 40. Rde1
g6 41. Bh3 Ne4 42. Re8+ Kg7 43. Re7+ Kf6 44. Rxb7 Rc4 45. g4 Rxh3 46. Rxb6+ Ke7
47. Kg2 Rhc3 48. Rb7+ Rc7 49. Rb5 Rc2+ 50. Kh3 R7c3+ 51. Kh4 Rxh2# 0-1

[Event "II Open Amatori"]
[Site "Arvier ITA"]
[Date "2012.01.07"]
[Round "6"]
[White "Ranieri, Fabrizio"]
[Black "Ljubisavljevic, Zivojin Z."]
[Result "1-0"]
[WhiteElo "2276"]
[BlackElo "2214"]
[PlyCount "101"]
[EventDate "2012.01.02"]

1. e4 Nf6 2. e5 Nd5 3. d4 d6 4. exd6 cxd6 5. Nf3 g6 6. Be2 Bg7 7. O-O O-O 8. c4
Nb6 9. Nc3 Bg4 10. b3 Nc6 11. Be3 h6 12. Rc1 f5 13. d5 Bxf3 14. Bxf3 Ne5 15.
Ne2 g5 16. Nd4 Nbd7 17. Ne6 Qa5 18. Nxf8 Rxf8 19. Be2 f4 20. Bd4 f3 21. gxf3
Rf4 22. Be3 Rh4 23. Qd2 Qxd2 24. Bxd2 Ng6 25. f4 Nxf4 26. Bxf4 Rxf4 27. h3 Bd4
28. b4 b6 29. Rb1 Kg7 30. Rb3 Nf6 31. Rf3 Rh4 32. Rd1 b5 33. cxb5 Nxd5 34. a3
e5 35. Bf1 h5 36. Rc1 g4 37. Rg3 Nf6 38. Rc7+ Kh6 39. Bd3 e4 40. Bf1 d5 41. a4
gxh3 42. Bxh3 Rf4 43. Rg2 e3 44. fxe3 Bxe3+ 45. Kh2 Rxb4 46. Rc6 Bg5 47. Bf5
Rh4+ 48. Kg1 Rxa4 49. Rxf6+ Bxf6 50. Rg6+ Kh7 51. Rg4+ 1-0

[Event "II Open Amatori"]
[Site "Arvier ITA"]
[Date "2012.01.07"]
[Round "6"]
[White "Scalfi, Agostino"]
[Black "Pierantoni, Mauro"]
[Result "1/2-1/2"]
[WhiteElo "1628"]
[BlackElo "1814"]
[PlyCount "95"]
[EventDate "2012.01.02"]

1. e4 g6 2. Nf3 Bg7 3. d4 d6 4. h3 a6 5. Be3 Nd7 6. Nc3 Nh6 7. Qd2 Ng8 8. Bc4
e6 9. a3 b5 10. Ba2 Bb7 11. O-O-O Ngf6 12. Bg5 h6 13. Bxf6 Nxf6 14. Rhe1 h5 15.
Kb1 Bh6 16. Ng5 Nxe4 17. Ncxe4 Bxe4 18. f4 Bxg5 19. Rxe4 Bh6 20. Bd5 Rb8 21.
Bc6+ Kf8 22. d5 e5 23. g3 f5 24. Re2 e4 25. Rf1 Bg7 26. Rg2 Qf6 27. c3 a5 28.
g4 hxg4 29. hxg4 fxg4 30. Qe3 Rb6 31. Qxe4 Qf5 32. Re2 Bf6 33. Qxf5 gxf5 34.
Re6 Kg7 35. Rfe1 b4 36. axb4 axb4 37. c4 Rh2 38. R6e2 Rxe2 39. Rxe2 Rb8 40. b3
Rh8 41. Bd7 Rh1+ 42. Kc2 Rf1 43. Bxf5 Rxf4 44. Bd7 Be5 45. Rg2 Kf6 46. Rxg4
Rf2+ 47. Kd1 Rb2 48. Ba4 1/2-1/2

[Event "II Open Amatori"]
[Site "Arvier ITA"]
[Date "2012.01.07"]
[Round "6"]
[White "Yeuillaz, Corrado"]
[Black "Lacrosse, Marc"]
[Result "1/2-1/2"]
[WhiteElo "2221"]
[BlackElo "2185"]
[PlyCount "118"]
[EventDate "2012.01.02"]

1. d4 d5 2. c4 e6 3. Nf3 Nf6 4. Nc3 c6 5. Bg5 Nbd7 6. e3 Qa5 7. Nd2 Bb4 8. Qc2
O-O 9. Bxf6 Nxf6 10. Be2 c5 11. O-O cxd4 12. exd4 Bxc3 13. bxc3 dxc4 14. Nxc4
Qc7 15. Ne3 Rd8 16. Rfd1 b6 17. Bf3 Bb7 18. Bxb7 Qxb7 19. c4 Rac8 20. Rac1 Rc7
21. Qb3 h6 22. Rc3 Rcd7 23. Rcd3 Qe4 24. Qc3 Qc6 25. f3 Qc7 26. Qd2 e5 27. d5
e4 28. Rd4 exf3 29. gxf3 Qe5 30. Ng4 Nxg4 31. Rxg4 b5 32. Re4 Qf6 33. Qe3 bxc4
34. Rxc4 Rxd5 35. Rxd5 Rxd5 36. Rc8+ Kh7 37. Qe4+ Qg6+ 38. Qxg6+ Kxg6 39. Rc6+
f6 40. Ra6 Rd7 41. Kf2 Re7 42. Kg3 h5 43. h4 Kf7 44. Ra5 Kg6 45. Ra6 Rc7 46.
Ra5 Kh6 47. Ra6 Kh7 48. Kf4 Kg6 49. Kg3 Kf7 50. Kf4 g6 51. Kg3 Kg7 52. Kf4 Rf7
53. Ra5 Rc7 54. Ra4 Kf7 55. Ra6 Re7 56. Kg3 Kg7 57. Kf4 Kf7 58. Kg3 Kg7 59. Kf4
Kf7 1/2-1/2

[Event "II Open Amatori"]
[Site "Arvier ITA"]
[Date "2012.01.08"]
[Round "7"]
[White "Barletta, Mauro"]
[Black "Cattaneo, Roger"]
[Result "1-0"]
[WhiteElo "2237"]
[BlackElo "1811"]
[PlyCount "81"]
[EventDate "2012.01.02"]

1. Nf3 Nc6 2. e4 e5 3. Bc4 Bc5 4. c3 Nge7 5. d4 exd4 6. cxd4 Bb4+ 7. Nc3 d5 8.
exd5 Nxd5 9. O-O Be6 10. Qb3 Na5 11. Qa4+ Bd7 12. Bb5 Bxb5 13. Qxb5+ c6 14.
Re1+ Kf8 15. Qd3 Nxc3 16. bxc3 Be7 17. a4 c5 18. Bf4 cxd4 19. cxd4 Bf6 20. Qa3+
Kg8 21. Rad1 h6 22. Qd3 g5 23. Be5 Kg7 24. d5 Re8 25. Qb5 Bxe5 26. Nxe5 b6 27.
h3 Qd6 28. Ng4 Rxe1+ 29. Rxe1 Rd8 30. Qb2+ Kh7 31. Nf6+ Kg6 32. Ne8 Rxe8 33.
Rxe8 Qxd5 34. Rg8+ Kf5 35. g4+ Ke6 36. Re8+ Kd7 37. Qe2 Nc6 38. Re3 Nd4 39. Qd3
Kd6 40. Re4 Kc5 41. Qc3+ 1-0

[Event "II Open Amatori"]
[Site "Arvier ITA"]
[Date "2012.01.08"]
[Round "7"]
[White "Bogatto, Mario"]
[Black "Bruno, Elio"]
[Result "0-1"]
[WhiteElo "1423"]
[BlackElo "1627"]
[PlyCount "96"]
[EventDate "2012.01.02"]

1. c4 e5 2. Nc3 d6 3. e3 Nf6 4. Nf3 Nc6 5. d3 Be7 6. Be2 O-O 7. O-O Ne8 8. Bd2
f5 9. Nd5 e4 10. Nxe7+ Qxe7 11. dxe4 fxe4 12. Nd4 Nxd4 13. exd4 Nf6 14. Be3 Kh8
15. b3 h6 16. Rc1 d5 17. c5 c6 18. Rc3 Nh7 19. Qd2 Nf6 20. Bxh6 gxh6 21. Qxh6+
Nh7 22. Rg3 Rg8 23. Rxg8+ Kxg8 24. Qg6+ Qg7 25. Qxg7+ Kxg7 26. f3 Bf5 27. f4
Nf6 28. h3 Rh8 29. b4 Bxh3 30. gxh3 Rxh3 31. Rf2 Ra3 32. Rg2+ Kf7 33. Bf1 Ra4
34. Rb2 Ke7 35. Bh3 Kd8 36. b5 Rxd4 37. bxc6 bxc6 38. Rb8+ Kc7 39. Rc8+ Kb7 40.
Rf8 Nh5 41. Rf7+ Ka6 42. Bc8+ Kb5 43. Rxa7 Nxf4 44. Ba6+ Kxc5 45. Bf1 e3 46.
Ra5+ Kd6 47. Ra8 e2 48. Rd8+ Ke7 0-1

[Event "II Open Amatori"]
[Site "Arvier ITA"]
[Date "2012.01.08"]
[Round "7"]
[White "Bonino, Silvano"]
[Black "Serrajotto, Marino"]
[Result "0-1"]
[WhiteElo "1492"]
[BlackElo "1854"]
[PlyCount "92"]
[EventDate "2012.01.02"]

1. d4 d5 2. Bf4 Nf6 3. e3 e6 4. Bd3 c5 5. c3 Nc6 6. Nd2 Qb6 7. Qb3 c4 8. Qxb6
axb6 9. Bc2 b5 10. b4 Bd7 11. Ngf3 Be7 12. h3 O-O 13. Ne5 Ra7 14. Nxd7 Nxd7 15.
a3 Rfa8 16. Nb1 Bf6 17. h4 h6 18. g4 e5 19. dxe5 Ndxe5 20. g5 hxg5 21. hxg5
Nf3+ 22. Ke2 Nxg5 23. Bxg5 Bxg5 24. Bh7+ Kf8 25. Bf5 Ke7 26. Ra2 Kd6 27. f4 Bh6
28. Kf3 Ne7 29. Bg4 Kc6 30. Rh5 Re8 31. Rd2 Ng6 32. Bf5 Bxf4 33. Bxg6 fxg6 34.
Rh4 Bh6 35. Rg4 Re6 36. Rdg2 Ra8 37. Rxg6 Rae8 38. Rxe6+ Rxe6 39. Re2 Kd7 40.
Nd2 Ke7 41. Nf1 Bg5 42. Ng3 Bf6 43. Nf5+ Kf7 44. Nd4 Bxd4 45. exd4 Rxe2 46.
Kxe2 Kf6 0-1

[Event "II Open Amatori"]
[Site "Arvier ITA"]
[Date "2012.01.08"]
[Round "7"]
[White "Bossi, Alessandro"]
[Black "Neubauer, Kai"]
[Result "1-0"]
[WhiteElo "2004"]
[BlackElo "2039"]
[PlyCount "79"]
[EventDate "2012.01.02"]

1. Nf3 c5 2. c3 b6 3. g3 Bb7 4. Bg2 Nf6 5. O-O e6 6. d4 Nc6 7. Bg5 Be7 8. Bxf6
Bxf6 9. e4 d5 10. e5 Be7 11. Re1 O-O 12. Nbd2 Qc7 13. Rc1 Ba6 14. Nf1 Bxf1 15.
Bxf1 c4 16. h4 b5 17. Bh3 h6 18. Nh2 Rfb8 19. f4 b4 20. Rc2 b3 21. axb3 cxb3
22. Rf2 Bf8 23. f5 exf5 24. Bxf5 Nd8 25. Qf3 Rb5 26. h5 Ra5 27. Bb1 Ne6 28.
Ref1 Ng5 29. Qg4 Ra6 30. Nf3 Be7 31. Nxg5 Bxg5 32. Rxf7 Qc8 33. Rd7 Qe8 34.
Rff7 Qxf7 35. Rxf7 Kxf7 36. Qd7+ Be7 37. Qb7 Ra1 38. Qxd5+ Kf8 39. Qxa8+ Kf7
40. Qe4 1-0

[Event "II Open Amatori"]
[Site "Arvier ITA"]
[Date "2012.01.08"]
[Round "7"]
[White "Marguerettaz, Davy"]
[Black "Lacrosse, Marc"]
[Result "1-0"]
[WhiteElo "2201"]
[BlackElo "2185"]
[PlyCount "48"]
[EventDate "2012.01.02"]

1. d4 d5 2. c4 e6 3. Nc3 Nf6 4. cxd5 exd5 5. Bg5 c6 6. Qc2 Nbd7 7. e3 Be7 8.
Bd3 h6 9. Bh4 O-O 10. Nge2 Re8 11. f3 c5 12. Bf2 a6 13. O-O b5 14. Rad1 Qa5 15.
a3 b4 16. axb4 Qxb4 17. Bf5 Nb6 18. Ng3 Nc4 19. e4 Qxb2 20. Qd3 Qb8 21. Rb1 Qf4
22. e5 Nxe5 23. dxe5 Qxe5 24. Rfe1 Qd6 1-0

[Event "II Open Amatori"]
[Site "Arvier ITA"]
[Date "2012.01.08"]
[Round "7"]
[White "Paonessa, Denis"]
[Black "Baloire, Endy"]
[Result "1/2-1/2"]
[WhiteElo "1844"]
[BlackElo "1990"]
[PlyCount "45"]
[EventDate "2012.01.02"]

1. d4 d5 2. c4 e6 3. Nc3 Nf6 4. Bg5 Nbd7 5. e3 c6 6. Nf3 Qa5 7. Nd2 Bb4 8. Qc2
O-O 9. Nb3 Qa4 10. Bxf6 Nxf6 11. O-O-O Bxc3 12. Qxc3 Ne4 13. Qc2 dxc4 14. Qxe4
cxb3 15. axb3 Qxb3 16. Bd3 g6 17. h4 Qd5 18. Qf4 h5 19. Qh6 e5 20. Bxg6 fxg6
21. Qxg6+ Kh8 22. Qh6+ Kg8 23. Qg6+ 1/2-1/2

[Event "II Open Amatori"]
[Site "Arvier ITA"]
[Date "2012.01.08"]
[Round "7"]
[White "Piazza, Giacomo"]
[Black "Lyabel, Giacomo"]
[Result "0-1"]
[WhiteElo "1638"]
[BlackElo "1440"]
[PlyCount "102"]
[EventDate "2012.01.02"]

1. Nf3 d5 2. e3 Nc6 3. c4 Nf6 4. cxd5 Nxd5 5. Be2 e5 6. d3 Bb4+ 7. Nbd2 O-O 8.
O-O Bg4 9. a3 Bc5 10. Ne4 Bb6 11. h3 Bh5 12. b4 h6 13. Bb2 Bxf3 14. Bxf3 Bxe3
15. Qe2 Bd4 16. Rab1 Nf4 17. Qd2 Bxb2 18. Rxb2 Nd4 19. Qe3 Nd5 20. Qe1 Nxf3+
21. gxf3 Nf4 22. Kh2 Nxd3 23. Rd2 Nxe1 24. Rxd8 Raxd8 25. Rxe1 Rd3 26. Nc5 Rxa3
27. Rxe5 Rxf3 28. Kg2 Rf4 29. Nd3 Rd4 30. Nc5 Rxb4 31. Re7 Rc8 32. Kf3 Rb5 33.
Ne4 a5 34. Nc3 Rb6 35. Re4 Rb4 36. Re2 a4 37. Nd5 Rb5 38. Ne7+ Kf8 39. Nxc8 a3
40. Kg3 Rb2 41. Re1 a2 42. Ra1 c5 43. Nd6 Rd2 44. Nxb7 c4 45. Na5 c3 46. Nb3
Rb2 47. Nc5 c2 48. Re1 g6 49. Nd7+ Kg7 50. Ra1 Rb1 51. Rxa2 c1=Q 0-1

[Event "II Open Amatori"]
[Site "Arvier ITA"]
[Date "2012.01.08"]
[Round "7"]
[White "Pierantoni, Mauro"]
[Black "Bosticardo, Tommaso"]
[Result "1-0"]
[WhiteElo "1814"]
[BlackElo "1774"]
[PlyCount "93"]
[EventDate "2012.01.02"]

1. d4 d5 2. c4 e6 3. Nf3 Nf6 4. Nc3 Be7 5. Bg5 O-O 6. e3 h6 7. Bxf6 Bxf6 8.
cxd5 exd5 9. Rc1 c6 10. Bd3 Nd7 11. O-O Re8 12. b4 Nf8 13. a4 Bg4 14. Be2 Be7
15. Qb3 Bd6 16. h3 Bd7 17. Ne1 Ng6 18. Bh5 Nh4 19. Nf3 Qf6 20. Nxh4 Qxh4 21.
Qd1 Bxb4 22. Nxd5 cxd5 23. Rc7 Be6 24. Rxb7 a5 25. f4 g6 26. f5 Qxh5 27. Qxh5
gxh5 28. fxe6 Rxe6 29. Rfxf7 Rg6 30. Rbd7 Re8 31. Rf5 Rxe3 32. Rd8+ Kg7 33.
Rd7+ Re7 34. Rdxd5 Rf6 35. Rxf6 Kxf6 36. Rxh5 Kg6 37. g4 Re1+ 38. Kf2 Ra1 39.
Ke2 Rxa4 40. Kd3 Ra1 41. Kc4 Rc1+ 42. Kb5 Rc8 43. Rf5 Bd2 44. d5 Rb8+ 45. Kc6
a4 46. d6 a3 47. Rf1 1-0

[Event "II Open Amatori"]
[Site "Arvier ITA"]
[Date "2012.01.08"]
[Round "7"]
[White "Ricci, Piero"]
[Black "Doromeychuk, Anton"]
[Result "0-1"]
[WhiteElo "1440"]
[BlackElo "1708"]
[PlyCount "52"]
[EventDate "2012.01.02"]

1. e4 d6 2. d4 Nf6 3. f3 g6 4. Bg5 Bg7 5. c4 O-O 6. Nc3 h6 7. h4 Nh5 8. g4 Ng3
9. Rh3 Nxf1 10. Bf4 e5 11. Kxf1 exf4 12. Nd5 Be6 13. Ne2 c6 14. Ndxf4 Bxc4 15.
b3 Bxe2+ 16. Nxe2 c5 17. Rc1 Nc6 18. d5 Nd4 19. Nf4 Qa5 20. Rh2 Be5 21. b4 Qb5+
22. Qd3 Qxd3+ 23. Nxd3 Bxh2 24. bxc5 Rac8 25. c6 bxc6 26. dxc6 Rxc6 0-1

[Event "II Open Amatori"]
[Site "Arvier ITA"]
[Date "2012.01.08"]
[Round "7"]
[White "Seletsky, Grigory"]
[Black "Yeuillaz, Corrado"]
[Result "1-0"]
[WhiteElo "2277"]
[BlackElo "2221"]
[PlyCount "51"]
[EventDate "2012.01.02"]

1. e4 e6 2. d4 d5 3. Nd2 Nf6 4. e5 Nfd7 5. c3 c5 6. Bd3 Nc6 7. Ne2 cxd4 8. cxd4
Qb6 9. Nf3 f6 10. exf6 Nxf6 11. O-O Bd6 12. Rb1 O-O 13. Bf4 Bxf4 14. Nxf4 Qc7
15. g3 Bd7 16. Qc2 Rfc8 17. Ng5 Nxd4 18. Bxh7+ Kf8 19. Qg6 Be8 20. Nfxe6+ Nxe6
21. Nxe6+ Ke7 22. Nxc7 Bxg6 23. Nxd5+ Nxd5 24. Bxg6 Kf6 25. Be4 Rc5 26. b4 1-0